[Event "72nd RUS-ch Higher League 2019"]
[Site "Yaroslavl"]
[Date "2019.07.01"]
[Round "5.25"]
[White "Rychkov, Oleg"]
[Black "Airapetian, Gor"]
[Result "1/2-1/2"]
[WhiteElo "2409"]
[BlackElo "2442"]
[Annotator "NA"]
[PlyCount "111"]
[EventDate "2019.06.27"]
[EventType "swiss"]
[EventCountry "RUS"]
[SourceTitle "playchess.com"]
[Source "ChessBase"]
[SourceQuality "1"]
[TimeControl "40/5400+30:1800+30"]

1. e4 {[%emt 0:00:00]} c6 {[%emt 0:00:00]} 2. d4 {[%emt 0:00:00]} d5 {[%emt 0:00:00]} 3. Nd2 {[%emt 0:00:10]} dxe4 {[%emt 0:00:13]} 4. Nxe4 {[%emt 0:00:05]} Bf5 {[%emt 0:00:05]} 5. Nc5 {[%emt 0:00:11]} Nd7 {[%emt 0:01:31]} 6. Nxb7 {[%emt 0:01:28]} Qc7 {[%emt 0:00:41]} 7. Nc5 {[%emt 0:00:14]} Nxc5 {[%emt 0:00:05]} 8. dxc5 {[%emt 0:00:05]} e6 {[%emt 0:00:14]} 9. Be3 {[%emt 0:01:31]} Rd8 {[%emt 0:01:51]} 10. Bd3 {[%emt 0:02:01]} Ne7 {[%emt 0:14:12]} 11. Nf3 {[%emt 0:04:31]} e5 {[%emt 0:04:48]} 12. Nd2 {[%emt 0:03:49]} Bxd3 {[%emt 0:05:18]} 13. cxd3 {[%emt 0:00:05]} Rxd3 {[%emt 0:01:39]} 14. Qa4 {[%emt 0:11:47]} Nf5 {[%emt 0:18:38]} 15. Qe4 {[%emt 0:00:32]} Qd7 {[%emt 0:00:06]} 16. Nc4 {[%emt 0:18:41]} Nxe3 {[%emt 0:02:52]} 17. Qxe5+ {[%emt 0:05:27]} Be7 {[%emt 0:04:29]} 18. Nxe3 {[%emt 0:00:51]} O-O {[%emt 0:00:39]} 19. O-O {[%emt 0:00:28]} Bf6 {[%emt 0:00:37]} 20. Qe4 {[%emt 0:00:14]} Re8 {[%emt 0:13:09]} 21. Qa4 {[%emt 0:09:11]} Bd4 {[%emt 0:05:13]} 22. Rad1 {[%emt 0:14:55]} Bxe3 {[%emt 0:01:33]} 23. fxe3 {[%emt 0:00:05]} Rexe3 {[%emt 0:00:20]} 24. Qb3 {[%emt 0:02:59]} Rxd1 {[%emt 0:04:26]} 25. Rxd1 {[%emt 0:00:30]} Qe8 {[%emt 0:00:07]} 26. Qb4 {[%emt 0:00:54]} h6 {[%emt 0:03:56]} 27. h3 {[%emt 0:03:19]} Qe5 {[%emt 0:01:44]} 28. Rf1 {[%emt 0:00:52]} Qd5 {[%emt 0:04:12]} 29. Rf2 {[%emt 0:03:28]} Qxa2 {[%emt 0:03:17]} 30. Qb8+ {[%emt 0:00:15]} Kh7 {[%emt 0:00:02]} 31. Qc7 {[%emt 0:00:11]} Qd5 {[%emt 0:06:12]} 32. Rxf7 {[%emt 0:01:05]} Re1+ {[%emt 0:00:58]} 33. Kh2 {[%emt 0:00:09]} Qd4 {[%emt 0:00:34]} 34. Qd6 {[%emt 0:01:01]} Qg1+ {[%emt 0:00:44]} 35. Kg3 {[%emt 0:00:07]} Re3+ {[%emt 0:00:18]} 36. Rf3 {[%emt 0:00:38]} Qe1+ {[%emt 0:00:16]} 37. Kg4 {[%emt 0:02:03]} Re4+ {[%emt 0:01:21]} 38. Rf4 {[%emt 0:00:16]} h5+ {[%emt 0:02:04]} 39. Kf5 {[%emt 0:00:49]} Rxf4+ {[%emt 0:00:34]} 40. Qxf4 {[%emt 0:00:00]} Qe7 {[%emt 0:00:00]} 41. Qd6 {[%emt 0:02:13]} Qf7+ {[%emt 0:04:17]} 42. Ke5 {[%emt 0:01:01]} Qe8+ {[%emt 0:01:17]} 43. Kf5 {[%emt 0:02:47]} a5 {[%emt 0:01:03]} 44. g4 {[%emt 0:02:51]} a4 {[%emt 0:02:31]} 45. Qe5 {[%emt 0:05:15]} Qd7+ {[%emt 0:02:04]} 46. Qe6 {[%emt 0:03:00]} Qd3+ {[%emt 0:04:53]} 47. Qe4 {[%emt 0:01:49]} g6+ {[%emt 0:01:05]} 48. Ke5 {[%emt 0:00:25]} Qg3+ {[%emt 0:02:31]} 49. Qf4 {[%emt 0:00:08]} Qxh3 {[%emt 0:05:32]} 50. Qf7+ {[%emt 0:00:28]} Kh8 {[%emt 0:00:02]} 51. gxh5 {[%emt 0:02:45]} Qxh5+ {[%emt 0:03:45]} 52. Kd6 {[%emt 0:00:09]} Qh2+ {[%emt 0:00:12]} 53. Kxc6 {[%emt 0:00:09]} Qxb2 {[%emt 0:00:07]} 54. Qe8+ {[%emt 0:02:18]} Kh7 {[%emt 0:01:07]} 55. Qe7+ {[%emt 0:00:07]} Kg8 {[%emt 0:01:22]} 56. Qe8+ {[%emt 0:01:31]} 1/2-1/2

[Event "72nd RUS-ch Higher League 2019"]
[Site "Yaroslavl"]
[Date "2019.07.01"]
[Round "5.26"]
[White "Mirzaev, Aziz"]
[Black "Galaktionov, Artem"]
[Result "1-0"]
[WhiteElo "2433"]
[BlackElo "2371"]
[Annotator "NA"]
[PlyCount "127"]
[EventDate "2019.06.27"]
[EventType "swiss"]
[EventCountry "RUS"]
[SourceTitle "playchess.com"]
[Source "ChessBase"]
[SourceQuality "1"]
[TimeControl "40/5400+30:1800+30"]

1. d4 {[%emt 0:00:00]} d5 {[%emt 0:02:04]} 2. Nf3 {[%emt 0:00:18]} Nf6 {[%emt 0:00:04]} 3. c4 {[%emt 0:00:09]} e6 {[%emt 0:00:03]} 4. Nc3 {[%emt 0:00:23]} Be7 {[%emt 0:00:04]} 5. g3 {[%emt 0:00:18]} O-O {[%emt 0:00:12]} 6. Bg2 {[%emt 0:00:15]} c6 {[%emt 0:00:17]} 7. O-O {[%emt 0:00:15]} Nbd7 {[%emt 0:00:05]} 8. b3 {[%emt 0:01:02]} b6 {[%emt 0:04:41]} 9. Qd3 {[%emt 0:00:23]} Ba6 {[%emt 0:01:34]} 10. Rd1 {[%emt 0:00:47]} Rc8 {[%emt 0:01:41]} 11. e4 {[%emt 0:00:47]} c5 {[%emt 0:00:45]} 12. exd5 {[%emt 0:00:15]} exd5 {[%emt 0:00:04]} 13. Bb2 {[%emt 0:00:24]} dxc4 {[%emt 0:07:34]} 14. bxc4 {[%emt 0:00:11]} cxd4 {[%emt 0:00:02]} 15. Nb5 {[%emt 0:00:08]} Nc5 {[%emt 0:01:12]} 16. Qxd4 {[%emt 0:00:12]} Qxd4 {[%emt 0:00:10]} 17. Nfxd4 {[%emt 0:00:40]} Na4 {[%emt 0:02:57]} 18. Nf5 {[%emt 0:00:19]} Bb4 {[%emt 0:01:29]} 19. Bxf6 {[%emt 0:08:53]} gxf6 {[%emt 0:00:01]} 20. Nxa7 {[%emt 0:00:19]} Rxc4 {[%emt 0:01:48]} 21. Ne3 {[%emt 0:08:12]} Rc7 {[%emt 0:09:58]} 22. Nd5 {[%emt 0:04:04]} Rxa7 {[%emt 0:01:19]} 23. Nxb4 {[%emt 0:00:07]} Bc4 {[%emt 0:07:55]} 24. Rd6 {[%emt 0:10:01]} Kg7 {[%emt 0:03:26]} 25. Nc6 {[%emt 0:08:48]} Rc7 {[%emt 0:04:08]} 26. Nd4 {[%emt 0:06:16]} Bd3 {[%emt 0:03:19]} 27. Rd1 {[%emt 0:12:44]} Bg6 {[%emt 0:01:53]} 28. f4 {[%emt 0:00:50]} Nb2 {[%emt 0:00:51]} 29. Re1 {[%emt 0:02:59]} Nc4 {[%emt 0:06:44]} 30. Rd5 {[%emt 0:04:43]} Bd3 {[%emt 0:09:40]} 31. Rd1 {[%emt 0:06:58]} Bg6 {[%emt 0:06:19]} 32. Rc1 {[%emt 0:06:26]} Rfc8 {[%emt 0:02:01]} 33. Nb5 {[%emt 0:08:03]} Rc5 {[%emt 0:02:46]} 34. Rxc5 {[%emt 0:01:18]} Rxc5 {[%emt 0:00:04]} 35. a4 {[%emt 0:00:05]} Bf5 {[%emt 0:03:37]} 36. Bf1 {[%emt 0:02:52]} Be6 {[%emt 0:03:49]} 37. Nd4 {[%emt 0:02:26]} Bd5 {[%emt 0:00:05]} 38. Bd3 {[%emt 0:04:24]} Kf8 {[%emt 0:09:44]} 39. Rc2 {[%emt 0:01:00]} Na5 {[%emt 0:01:22]} 40. Bxh7 {[%emt 0:00:44]} Bc4 {[%emt 0:00:00]} 41. Be4 {[%emt 0:00:54]} Ke7 {[%emt 0:03:18]} 42. Kf2 {[%emt 0:07:09]} Rh5 {[%emt 0:02:23]} 43. h4 {[%emt 0:00:51]} Rh8 {[%emt 0:00:37]} 44. Nc6+ {[%emt 0:01:24]} Nxc6 {[%emt 0:00:09]} 45. Rxc4 {[%emt 0:00:04]} Na5 {[%emt 0:00:13]} 46. Rc7+ {[%emt 0:00:18]} Ke6 {[%emt 0:00:01]} 47. Kf3 {[%emt 0:02:30]} Rd8 {[%emt 0:01:17]} 48. f5+ {[%emt 0:00:34]} Ke5 {[%emt 0:00:01]} 49. Re7+ {[%emt 0:00:28]} Kd4 {[%emt 0:00:04]} 50. Rxf7 {[%emt 0:00:22]} Nb3 {[%emt 0:00:06]} 51. Kf4 {[%emt 0:03:34]} Nc5 {[%emt 0:00:50]} 52. Re7 {[%emt 0:03:18]} Nxa4 {[%emt 0:01:49]} 53. g4 {[%emt 0:03:00]} Nc5 {[%emt 0:01:31]} 54. g5 {[%emt 0:04:08]} Rh8 {[%emt 0:01:03]} 55. gxf6 {[%emt 0:00:37]} Rxh4+ {[%emt 0:00:14]} 56. Kg5 {[%emt 0:00:49]} Rxe4 {[%emt 0:01:03]} 57. f7 {[%emt 0:00:09]} Rxe7 {[%emt 0:00:04]} 58. f8=Q {[%emt 0:00:09]} Rb7 {[%emt 0:00:33]} 59. Qd6+ {[%emt 0:02:37]} Kc4 {[%emt 0:00:39]} 60. Qf4+ {[%emt 0:00:09]} Kd5 {[%emt 0:00:24]} 61. Qf3+ {[%emt 0:00:27]} Kd6 {[%emt 0:02:45]} 62. f6 {[%emt 0:00:53]} Ne6+ {[%emt 0:03:05]} 63. Kg6 {[%emt 0:00:21]} Nd8 {[%emt 0:00:02]} 64. Qxb7 {[%emt 0:01:34]} 1-0

[Event "72nd RUS-ch Higher League 2019"]
[Site "Yaroslavl"]
[Date "2019.07.01"]
[Round "5.27"]
[White "Kanter, Eduard"]
[Black "Nesterov, Arseniy"]
[Result "0-1"]
[WhiteElo "2392"]
[BlackElo "2423"]
[Annotator "NA"]
[PlyCount "82"]
[EventDate "2019.06.27"]
[EventType "swiss"]
[EventCountry "RUS"]
[SourceTitle "playchess.com"]
[Source "ChessBase"]
[SourceQuality "1"]
[TimeControl "40/5400+30:1800+30"]

1. d4 {[%emt 0:00:00]} d5 {[%emt 0:00:00]} 2. c4 {[%emt 0:00:00]} c6 {[%emt 0:00:00]} 3. Nf3 {[%emt 0:00:00]} Nf6 {[%emt 0:00:00]} 4. Nc3 {[%emt 0:00:04]} dxc4 {[%emt 0:00:00]} 5. a4 {[%emt 0:00:51]} a5 {[%emt 0:00:00]} 6. h3 {[%emt 0:02:01]} Nbd7 {[%emt 0:08:47]} 7. e4 {[%emt 0:00:24]} Nb6 {[%emt 0:00:29]} 8. Be2 {[%emt 0:00:43]} e6 {[%emt 0:10:30]} 9. O-O {[%emt 0:01:15]} Bb4 {[%emt 0:05:35]} 10. Qc2 {[%emt 0:02:55]} Nfd7 {[%emt 0:07:37]} 11. Na2 {[%emt 0:17:22]} Be7 {[%emt 0:07:00]} 12. Be3 {[%emt 0:03:59]} O-O {[%emt 0:00:47]} 13. Rfd1 {[%emt 0:01:30]} Qc7 {[%emt 0:03:10]} 14. Nc3 {[%emt 0:21:44]} Rd8 {[%emt 0:14:19]} 15. Nd2 {[%emt 0:18:28]} e5 {[%emt 0:01:18]} 16. Nxc4 {[%emt 0:00:10]} Nxc4 {[%emt 0:03:30]} 17. Bxc4 {[%emt 0:00:07]} exd4 {[%emt 0:02:08]} 18. Bxd4 {[%emt 0:00:06]} Ne5 {[%emt 0:08:47]} 19. Bb3 {[%emt 0:00:28]} Rxd4 {[%emt 0:10:41]} 20. Rxd4 {[%emt 0:00:50]} Bc5 {[%emt 0:00:04]} 21. Ne2 {[%emt 0:15:30]} Bxd4 {[%emt 0:01:30]} 22. Nxd4 {[%emt 0:00:06]} Bxh3 {[%emt 0:06:17]} 23. gxh3 {[%emt 0:03:09]} Rd8 {[%emt 0:00:04]} 24. Nf5 {[%emt 0:00:50]} Rd2 {[%emt 0:01:18]} 25. Qc5 {[%emt 0:05:36]} g6 {[%emt 0:05:46]} 26. Ng3 {[%emt 0:01:29]} b6 {[%emt 0:01:17]} 27. Qc3 {[%emt 0:01:06]} Rd3 {[%emt 0:01:02]} 28. Qc2 {[%emt 0:00:04]} Rd2 {[%emt 0:00:53]} 29. Qc3 {[%emt 0:00:20]} Qd6 {[%emt 0:00:51]} 30. Bc2 {[%emt 0:02:50]} Qf6 {[%emt 0:00:08]} 31. Rf1 {[%emt 0:00:55]} Nf3+ {[%emt 0:00:06]} 32. Kg2 {[%emt 0:00:17]} Nh4+ {[%emt 0:00:43]} 33. Kg1 {[%emt 0:00:10]} Qf3 {[%emt 0:00:42]} 34. Qxf3 {[%emt 0:00:23]} Nxf3+ {[%emt 0:00:01]} 35. Kg2 {[%emt 0:00:01]} Nh4+ {[%emt 0:00:09]} 36. Kg1 {[%emt 0:00:04]} Rxc2 {[%emt 0:00:05]} 37. Rb1 {[%emt 0:00:56]} Nf3+ {[%emt 0:00:11]} 38. Kg2 {[%emt 0:00:00]} Nd2 {[%emt 0:00:05]} 39. Re1 {[%emt 0:01:52]} Rxb2 {[%emt 0:00:13]} 40. e5 {[%emt 0:00:00]} b5 {[%emt 0:00:00]} 41. Re2 {[%emt 0:00:29]} bxa4 {[%emt 0:01:59]} 0-1

[Event "72nd RUS-ch Higher League 2019"]
[Site "Yaroslavl"]
[Date "2019.07.01"]
[Round "5.28"]
[White "Sadovsky, Artem"]
[Black "Lesovoi, Evgenij"]
[Result "1-0"]
[WhiteElo "2416"]
[BlackElo "2366"]
[Annotator "NA"]
[PlyCount "107"]
[EventDate "2019.06.27"]
[EventType "swiss"]
[EventCountry "RUS"]
[SourceTitle "playchess.com"]
[Source "ChessBase"]
[SourceQuality "1"]
[TimeControl "40/5400+30:1800+30"]

1. Nf3 {[%emt 0:00:00]} d5 {[%emt 0:00:00]} 2. g3 {[%emt 0:00:27]} Nf6 {[%emt 0:00:19]} 3. Bg2 {[%emt 0:00:13]} Bf5 {[%emt 0:00:58]} 4. c4 {[%emt 0:00:58]} e6 {[%emt 0:03:11]} 5. O-O {[%emt 0:01:01]} Be7 {[%emt 0:00:43]} 6. Qb3 {[%emt 0:05:06]} Qc8 {[%emt 0:01:42]} 7. d3 {[%emt 0:08:03]} c6 {[%emt 0:02:05]} 8. Nc3 {[%emt 0:04:55]} O-O {[%emt 0:01:59]} 9. Nh4 {[%emt 0:05:21]} Bg4 {[%emt 0:05:11]} 10. h3 {[%emt 0:00:22]} Bh5 {[%emt 0:00:14]} 11. g4 {[%emt 0:00:24]} Nfd7 {[%emt 0:01:52]} 12. cxd5 {[%emt 0:02:54]} Bxg4 {[%emt 0:04:45]} 13. hxg4 {[%emt 0:01:51]} Bxh4 {[%emt 0:01:13]} 14. dxe6 {[%emt 0:01:21]} Ne5 {[%emt 0:01:34]} 15. Bf4 {[%emt 0:02:26]} Nxg4 {[%emt 0:08:44]} 16. Bd6 {[%emt 0:01:17]} Be7 {[%emt 0:03:48]} 17. exf7+ {[%emt 0:06:14]} Rxf7 {[%emt 0:02:47]} 18. f3 {[%emt 0:04:37]} Ne3 {[%emt 0:31:47]} 19. Bxe7 {[%emt 0:02:31]} Qc7 {[%emt 0:00:55]} 20. Ba3 {[%emt 0:05:45]} Nxf1 {[%emt 0:03:55]} 21. Rxf1 {[%emt 0:00:16]} Na6 {[%emt 0:00:38]} 22. Rf2 {[%emt 0:02:32]} h6 {[%emt 0:03:06]} 23. Ne4 {[%emt 0:00:29]} c5 {[%emt 0:04:54]} 24. f4 {[%emt 0:07:25]} Kh8 {[%emt 0:01:15]} 25. Nd6 {[%emt 0:00:47]} Rff8 {[%emt 0:00:49]} 26. Nb5 {[%emt 0:05:29]} Qa5 {[%emt 0:02:04]} 27. Nc3 {[%emt 0:00:31]} Rab8 {[%emt 0:00:18]} 28. Qb5 {[%emt 0:02:43]} Qc7 {[%emt 0:00:16]} 29. Nd5 {[%emt 0:04:18]} Qf7 {[%emt 0:02:58]} 30. b3 {[%emt 0:00:40]} Rbd8 {[%emt 0:00:50]} 31. e4 {[%emt 0:01:04]} Rd6 {[%emt 0:02:51]} 32. f5 {[%emt 0:00:55]} Qh5 {[%emt 0:01:08]} 33. Qxb7 {[%emt 0:05:14]} Rf7 {[%emt 0:04:09]} 34. Qc8+ {[%emt 0:00:14]} Kh7 {[%emt 0:00:05]} 35. e5 {[%emt 0:07:10]} Rxd5 {[%emt 0:03:16]} 36. Bxd5 {[%emt 0:00:10]} Qd1+ {[%emt 0:00:05]} 37. Rf1 {[%emt 0:01:17]} Qxd3 {[%emt 0:00:06]} 38. Qe6 {[%emt 0:01:13]} Qd4+ {[%emt 0:01:02]} 39. Rf2 {[%emt 0:02:11]} Qd1+ {[%emt 0:00:27]} 40. Kg2 {[%emt 0:00:00]} Qg4+ {[%emt 0:00:00]} 41. Kh1 {[%emt 0:00:40]} Qd1+ {[%emt 0:07:16]} 42. Kh2 {[%emt 0:11:11]} Qh5+ {[%emt 0:00:15]} 43. Kg3 {[%emt 0:02:24]} Qg5+ {[%emt 0:00:09]} 44. Kf3 {[%emt 0:00:38]} Rxf5+ {[%emt 0:00:10]} 45. Ke2 {[%emt 0:00:11]} Rxf2+ {[%emt 0:00:14]} 46. Kxf2 {[%emt 0:00:04]} Qd2+ {[%emt 0:06:42]} 47. Kg3 {[%emt 0:01:41]} Qe1+ {[%emt 0:10:12]} 48. Kh2 {[%emt 0:00:19]} Qe2+ {[%emt 0:00:33]} 49. Bg2 {[%emt 0:00:56]} Qh5+ {[%emt 0:00:06]} 50. Kg3 {[%emt 0:01:58]} Qg5+ {[%emt 0:00:41]} 51. Kf3 {[%emt 0:04:00]} Nc7 {[%emt 0:01:36]} 52. Qg4 {[%emt 0:01:04]} Qd2 {[%emt 0:00:37]} 53. Bxc5 {[%emt 0:03:51]} Nd5 {[%emt 0:01:44]} 54. Qd4 {[%emt 0:01:15]} 1-0

[Event "72nd RUS-ch Higher League 2019"]
[Site "Yaroslavl"]
[Date "2019.07.01"]
[Round "5.29"]
[White "Drygalov, Sergey"]
[Black "Ibadov, Dashgyn"]
[Result "1-0"]
[WhiteElo "2492"]
[BlackElo "2298"]
[Annotator "ChessBase"]
[PlyCount "59"]
[EventDate "2019.06.27"]
[EventType "swiss"]
[EventCountry "RUS"]
[SourceTitle "playchess.com"]
[Source "ChessBase"]
[SourceQuality "1"]
[TimeControl "40/5400+30:1800+30"]

1. d4 {[%emt 0:00:00]} e6 {[%emt 0:00:00]} 2. c4 {[%emt 0:00:00]} Nf6 {[%emt 0:00:00]} 3. Nc3 {[%emt 0:00:00]} c5 {[%emt 0:00:00]} 4. d5 {[%emt 0:00:00]} exd5 {[%emt 0:00:00]} 5. cxd5 {[%emt 0:00:00]} d6 {[%emt 0:00:00]} 6. e4 {[%emt 0:00:00]} g6 {[%emt 0:00:00]} 7. f4 {[%emt 0:00:01]} Bg7 {[%emt 0:00:07]} 8. Bb5+ {[%emt 0:00:06]} Nfd7 {[%emt 0:00:10]} 9. Nf3 {[%emt 0:00:05]} O-O {[%emt 0:00:04]} 10. O-O {[%emt 0:00:35]} a6 {[%emt 0:00:29]} 11. Bd3 {[%emt 0:00:04]} b5 {[%emt 0:00:12]} 12. Kh1 {[%emt 0:00:05]} Nb6 {[%emt 0:08:11]} 13. f5 {[%emt 0:00:07]} N8d7 {[%emt 0:00:27]} 14. Bg5 {[%emt 0:00:12]} Qc7 {[%emt 0:00:15]} 15. Qe1 {[%emt 0:00:18]} b4 {[%emt 0:00:24]} 16. Nd1 {[%emt 0:00:18]} gxf5 {[%emt 0:06:49]} 17. Qh4 {[%emt 0:00:41]} f6 {[%emt 0:10:20]} 18. Bd2 {[%emt 0:01:52]} Ne5 {[%emt 0:17:06]} 19. Nxe5 {[%emt 0:00:06]} fxe5 {[%emt 0:00:25]} 20. exf5 {[%emt 0:00:04]} e4 {[%emt 0:11:13]} 21. Bxe4 {[%emt 0:04:22]} Bf6 {[%emt 0:07:37]} 22. Bg5 {[%emt 0:01:54]} Qg7 {[%emt 0:02:44]} 23. Bxf6 {[%emt 0:00:06]} Qxf6 {[%emt 0:00:39]} 24. Qg3+ {[%emt 0:03:43]} Kh8 {[%emt 0:00:31]} 25. Ne3 {[%emt 0:02:40]} Bb7 {[%emt 0:02:57]} 26. Ng4 {[%emt 0:08:06]} Qd4 {[%emt 0:02:10]} 27. Rae1 {[%emt 0:05:37]} Nc4 {[%emt 0:07:43]} 28. f6 {[%emt 0:01:35]} Nd2 {[%emt 0:04:05]} 29. Nh6 {[%emt 0:03:32]} Rxf6 {[%emt 0:00:26]} 30. Nf7+ 1-0

[Event "72nd RUS-ch Higher League 2019"]
[Site "Yaroslavl"]
[Date "2019.07.03"]
[Round "6.1"]
[White "Sjugirov, Sanan"]
[Black "Predke, Alexandr"]
[Result "1/2-1/2"]
[WhiteElo "2667"]
[BlackElo "2632"]
[Annotator "TA"]
[PlyCount "28"]
[EventDate "2019.06.27"]
[EventType "swiss"]
[EventCountry "RUS"]
[SourceTitle "playchess.com"]
[Source "ChessBase"]
[SourceQuality "1"]

{[%evp 10,28,35,45,20,5,9,7,0,0,0,-10,0,-8,0,-11,0,-16,0,-9,0]} 1. d4 d5 2. c4 dxc4 3. e4 e5 4. Nf3 exd4 5. Bxc4 Bb4+ 6. Nbd2 {[%mdl 1024] White has compensation.} Nc6 {D20: Queen's Gambit Accepted: 3 e3 and 3 e4} 7. Qb3 {The position is equal.} (7. O-O Nf6 8. e5 Nd5 9. Nb3 Nb6 10. Bb5 Bd7 11. Bg5 Be7 12. Bxe7 Qxe7 13. Re1 O-O-O 14. Rc1 d3 15. a3 Kb8 16. Nc5 Nd4 17. Nxd7+ Rxd7 18. Qxd3 Nxb5 19. Qxb5 {½-½ (117) Sjugirov,S (2661)-Inarkiev,E (2691) Sochi 2019}) 7... Qf6 8. O-O Nge7 9. e5 Qg6 10. Bd3 Qe6 11. Bc4 $146 ({Predecessor:} 11. Nc4 Qd5 12. a3 Bc5 13. Re1 O-O 14. Be4 Qd8 15. Qd3 Ng6 {½-½ (60) Kilian,R-Schulz,K Germany 1984}) 11... Qg6 12. Bd3 Qe6 13. Bc4 Qg6 14. Bd3 Qe6 1/2-1/2

[Event "72nd RUS-ch Higher League 2019"]
[Site "Yaroslavl"]
[Date "2019.07.03"]
[Round "6.2"]
[White "Motylev, Alexander"]
[Black "Esipenko, Andrey"]
[Result "1/2-1/2"]
[WhiteElo "2654"]
[BlackElo "2611"]
[Annotator "TA"]
[PlyCount "105"]
[EventDate "2019.06.27"]
[EventType "swiss"]
[EventCountry "RUS"]
[SourceTitle "playchess.com"]
[Source "ChessBase"]
[SourceQuality "1"]

{[%evp 13,105,12,22,0,4,-5,15,9,21,16,19,0,17,15,3,4,22,22,33,0,0,0,16,8,16,23,24,22,16,9,22,17,28,33,37,39,43,22,22,17,31,17,17,0,0,0,16,18,70,81,74,72,200,207,187,96,101,54,66,54,87,75,86,63,51,54,54,53,53,54,72,64,77,70,66,54,61,61,60,57,57,54,52,31,38,31,41,32,39,14,36,0,0,0]} 1. e4 e5 2. Nf3 Nc6 3. Bb5 a6 4. Ba4 Nf6 5. O-O Be7 6. Bxc6 dxc6 7. d3 Nd7 8. Nc3 {C85: Closed Ruy Lopez: Deferred Exchange Variation} O-O (8... Bd6 9. Ne2 c5 10. Nd2 Nb8 11. Nc4 Be6 12. Nxd6+ cxd6 13. f4 f6 14. Be3 Nc6 15. fxe5 Nxe5 {½-½ (34) Yu,Y (2751)-Inarkiev,E (2692) China 2019}) 9. Be3 Bd6 10. Ne2 c5 11. Nd2 $146 ({Predecessor:} 11. Ng3 Nb8 12. Nd2 Nc6 13. Nf5 Re8 14. Nxd6 cxd6 {0-1 (42) Saptarshi,R (2434)-Gustafsson,J (2634) Bangkok 2014}) 11... Nb8 12. f4 exf4 13. Nxf4 Nc6 14. Nc4 f5 (14... Be7 {feels hotter.} 15. Qh5 f5 16. a4 b6 17. Rf2 Bd7) 15. Nxd6 cxd6 16. exf5 Bxf5 17. Nd5 Rf7 18. Qd2 Qf8 19. Rf2 Ne7 20. Nb6 Re8 21. Raf1 {g4! is the strong threat.} Nc8 22. Nd5 {[%cal Bb6d5,Bd5c3,Bc3e4][%mdl 32]} Ne7 23. Nc3 Be6 24. Rxf7 Bxf7 25. Ne4 Nd5 26. Bf2 h6 27. Bg3 $36 {[%mdl 2048] White has some pressure.} Re6 28. Rf5 Ne7 29. Rf1 Nd5 30. c4 Nc7 (30... Nb6 $11) 31. Bxd6 $14 Rxd6 {[#]} 32. Rxf7 $1 Qxf7 (32... Kxf7 $16 33. Qf4+ {[%mdl 64] [#] Double Attack, Pin} Rf6 $1 {[%mdl 512]} 34. Qxc7+ {[%mdl 64] Double Attack} Kg6 35. Nxf6 Qxf6) 33. Nxd6 $18 Qf6 34. Ne4 (34. Nxb7 $18 Qe5 35. Na5) 34... Qd4+ $16 35. Kh1 Ne6 36. h3 Qe5 37. Qf2 b5 38. cxb5 axb5 39. Qc2 Kh8 40. a4 bxa4 41. Qxa4 Kh7 42. Qc2 {aiming for d4!} Kh8 43. Qc4 Qf5 44. Qc1 Qe5 45. Qc2 Qd5 46. Qc3 Qf5 47. Kg1 Qf4 48. Qe1 Qe5 49. Qe2 Nf4 50. Qf3 Ne6 51. Nc3 Qb8 52. Qf2 Nf4 53. Qxc5 {Accuracy: White = 64%, Black = 56%.} 1/2-1/2

[Event "72nd RUS-ch Higher League 2019"]
[Site "Yaroslavl"]
[Date "2019.07.03"]
[Round "6.3"]
[White "Khismatullin, Denis"]
[Black "Sarana, Alexey"]
[Result "0-1"]
[WhiteElo "2618"]
[BlackElo "2641"]
[Annotator "TA"]
[PlyCount "110"]
[EventDate "2019.06.27"]
[EventType "swiss"]
[EventCountry "RUS"]
[SourceTitle "playchess.com"]
[Source "ChessBase"]
[SourceQuality "1"]

{[%evp 9,110,0,0,12,20,22,38,20,23,19,37,27,13,32,24,0,15,15,16,12,52,15,11,19,10,10,30,24,23,16,27,18,21,9,16,16,11,17,27,8,8,13,17,6,8,8,6,2,8,0,0,0,0,0,0,0,0,0,0,0,1,0,0,0,0,0,0,0,0,-250,-206,-248,-245,-253,-238,-240,-225,-214,-213,-202,-189,-175,-162,-270,-295,-640,-619,-514,-526,-4957,-5081,-1973,-1501,-5694,-4586,-29961,-29963,-29962,-29963,-8164,-5081,-29980,-29979]} 1. e4 c5 2. Nc3 d6 3. d4 cxd4 4. Qxd4 Nc6 5. Qd2 g6 6. b3 {B23: Closed Sicilian: Lines without g3} Bh6 7. f4 f5 8. Bb2 {White is slightly better.} Nf6 9. Bd3 Qa5 10. exf5 Bxf5 11. Nge2 O-O-O $146 ({Predecessor:} 11... Bxd3 12. Qxd3 {1-0 (42) Nakamura,H (2769)-Grischuk,A (2766) Leuven 2018}) 12. a3 Bxd3 13. Qxd3 {aiming for Qh3+.} Qf5 14. Rd1 Bg7 15. Ne4 Qxe4 16. Qxe4 Nxe4 17. Bxg7 Rhg8 (17... Rhe8 {feels hotter.} 18. Ba1 e5 19. O-O Rd7 20. Bb2 Rf8) 18. Bb2 Rgf8 19. O-O e6 20. Rf3 d5 21. Re1 a6 22. Ng3 Nxg3 23. hxg3 Rde8 24. g4 h5 25. gxh5 gxh5 26. f5 exf5 27. Rxe8+ Rxe8 28. Rxf5 $11 {[%mdl 4096] Endgame KRB-KRN} Re2 29. Rf2 Re1+ 30. Kh2 d4 31. Rd2 Re4 32. Kg3 Kc7 33. Kf3 Rg4 34. Kf2 b5 35. Rd3 Kd6 36. Rf3 h4 37. Bc1 Ne5 38. Rf4 d3 39. Rf6+ $2 (39. c4 $11 {and White has nothing to worry.}) 39... Kd5 40. c3 {[#]} Re4 $1 {Hoping for ...Ng4+.} 41. Kf1 a5 42. Rf8 a4 43. Rd8+ Kc5 44. Rc8+ Kb6 45. bxa4 bxa4 46. Rb8+ {[#]} (46. Ra8 $142) 46... Kc7 $1 $19 {[%cal Rc7b8]} 47. Rb4 $2 (47. Rb1) 47... Nc4 48. Kf2 d2 49. Rxc4+ Rxc4 50. Bxd2 {KR-KB} Kd6 51. Ke3 Rg4 52. Be1 Rxg2 53. Bxh4 Ra2 54. Kd3 Rxa3 55. Kc2 Ra2+ {Accuracy: White = 52%, Black = 75%.} 0-1